Kluby Premier League 2020/21 - Statystyki

Ogólne statystyki
  • Ten quiz został rozwiązany 18 razy
  • Średni wynik to 17 z 20
Statystyki odpowiedzi
nr nazwa % Poprawnych
8. Arsenal
100%
11. Aston Villa
100%
4. Chelsea
100%
3. Liverpool
100%
1. Manchester City
100%
2. Manchester United
100%
16. Brighton & Hove Albion
94%
10. Everton FC
94%
7. Tottenham Hotspur
94%
6. West Ham United
94%
18. FC Fulham
88%
5. Leicester City
88%
13. Wolverhampton Wanderers
88%
12. Newcastle United
82%
14. Crystal Palace
76%
9. Leeds United
76%
15. Southampton
76%
17. Burnley FC
71%
19. West Bromwich Albion
71%
20. Sheffield United
29%
Nie znaleziono quizów pasujących do podanych kryteriów
Rozkład punktacji
Procent ludzi z każdym wynikiem
Percentyl według liczby udzielonych odpowiedzi
Twoja historia wyników
Nie rozwiązałeś tego quizu